000 00665nam a22002417a 4500
003 UA-OsUOA
001 98033
007 ta
008 20130409b un ||||| |||| 00| 0 ukr d
100 _aПалеолог М.
090 _a821.161.1
_bП14
942 _cBK
040 _aUA-OsUOA
_brus
_cUA-OsUOA
_dUA-OsUOA
245 _aРоман императора
_bАлександр II и княгиня Юрьевская
300 _a33 с.
955 _a3
041 _arus
080 _a821.161.1
260 _bОмская правда
246 3 1 _a3
_n
650 7 _a82 Література. Літературознавство
_2UDC
999 _c384651
_d384651